Statistics for TV shows of the 2000

Click here to take the quiz!

General Stats

  • This quiz has been taken 13 times
  • The average score is 5 of 9

Answer Stats

HintAnswer% Correct
Thats so....Thats so raven
100%
twins in hotelThe suite life of zack and cody
77%
Magic, teenagers, mischeifwizards of waverly place
77%
Brother popstarsJonas
62%
Red head agentKim possible
62%
brothers who have crazy ideasPhineas and ferb
46%
take on the worldboy meets world
23%
country popstarhanna montana
23%
Bobby wasabikikkin it
23%

Score Distribution

Percentile by Number Answered

Percent of People with Each Score

Your Score History

You have not taken this quiz